| 000 | 00573nam a22001937a 4500 | ||
|---|---|---|---|
| 005 | 20171219121305.0 | ||
| 010 | _aENG-121910 | ||
| 020 |
_a9788175557710 _c1000.00 |
||
| 035 | _aEN-105442 | ||
| 037 | _bDBAD/PUB | ||
| 082 | _a880.82 | ||
| 100 | _aJain,Seema | ||
| 245 |
_aWomen and literature / _cby Seema Jain |
||
| 260 |
_aNew Delhi _bUniversity publication _c2017 |
||
| 270 |
_a22/4735,Prakash Deep Building,Ansari road, Darya Ganj _bNew Delhi _e110002 |
||
| 300 |
_avii,224p. _c23cm(Hb) |
||
| 700 | _aJain,Seema | ||
| 942 |
_2ddc _cEN _h880.82 _mJAI |
||
| 999 |
_c148042 _d148042 |
||